Base técnico-legal para el uso y manejo del agua : código de aguas /
Guardado en:
| Autor Principal: | |
|---|---|
| Formato: | Manuscrito |
| Idioma: | Spanish |
| Publicado: |
[200-].
|
| Materias: | |
| Etiquetas: |
Agregar Etiqueta
Sin Etiquetas, Sea el primero en etiquetar este registro!
|
| LEADER | 00742ntm a22002055a 4500 | ||
|---|---|---|---|
| 001 | EUN.eunm002431 | ||
| 005 | 20090414140030.0 | ||
| 008 | 090414s200u####ag#a#####b####000#0#spa#d | ||
| 082 | 0 | 4 | |a 333.91 |2 21 |
| 100 | 1 | |a Luque, Jorge Alfredo. | |
| 245 | 1 | 0 | |a Base técnico-legal para el uso y manejo del agua : |b código de aguas / |c Jorge Alfredo Luque. |
| 246 | 3 | |a Modelo de: Código de aguas con énfasis en riego | |
| 260 | |c [200-]. | ||
| 300 | |a 32 h. : |b il. ; |c 30 cm. | ||
| 500 | |a "Academia Nacional de Agronomía y Veterinaria". | ||
| 504 | |a Incluye referencias bibliográficas. | ||
| 650 | 7 | |a Agua. |2 unbist | |
| 650 | 7 | |a Recursos hídricos. |2 unbist | |
| 651 | 7 | |a Argentina. |2 unbist | |
| 859 | |a AR-BaUNS |b BIB. CENTRAL - Sector A |h 333.91 |i L974 |p 120561/009 | ||
